Normal view MARC view
  • Suicidal behavior

Entry Topical Term

Number of records used in: 2

001 - CONTROL NUMBER

  • control field: 12253

003 - CONTROL NUMBER IDENTIFIER

  • control field: NUST

005 - DATE AND TIME OF LATEST TRANSACTION

  • control field: 20180806084957.0

008 - FIXED-LENGTH DATA ELEMENTS

  • fixed length control field: 180806|| aca||aabn | a|a d

040 ## - CATALOGING SOURCE

  • Original cataloging agency: NUST
  • Transcribing agency: NUST

150 ## - HEADING--TOPICAL TERM

  • Topical term or geographic name entry element: Suicidal behavior
  • Form subdivision: Fiction.

670 ## - SOURCE DATA FOUND

  • Source citation: Work cat.: (NUST)0: O'Farrell, Maggie, 1972- 12251, After you'd gone /, 2001.
© 2023 Central Library, National University of Sciences and Technology. All Rights Reserved.